000 00605 a2200169 4500
999 _c232745
_d232745
003 Nust
005 20170223110759.0
008 170223b xxu||||| |||| 00| 0 eng d
020 _a8176486612
020 _a9788176486613
040 _c0
082 _a336.2714
100 1 _aShrivastava, M.P Singh.; Satyendra Kumar Gupta
245 1 0 _aEconomics of value added tax /
_cM.P. Shrivastava.
260 _a[S.l.] :
_bAPH Publishing Corporation,
_c2004.
300 _a270 p.
500 _aHardcover.
856 4 0 _3Amazon.com
_uhttp://www.amazon.com/exec/obidos/ASIN/8176486612/chopaconline-20
856 4 0 _3Amazon customer reviews
_uhttp://www.chopac.org/cgi-bin/tools/azrev.pl?q=8176486612
942 _cBK
_k336.2714 SIN
_2ddc